Регионална библиотека "Любен Каравелов" - Русе

Увод в политическия маркетинг (Запис номер 166852)

MARC детайли
000 -Лидер
Контролно поле с фиксирана дължина 02124nam a2200433 c 4500
003 - Код на организацията, давaща контролен номер
Контролно поле BLK
005 - Дата и час на последна редакция
Контролно поле 20180420235036.0
008 - Елементи от данни с фиксирана дължина
fixed length control field 180411b bul|||||r ||||||| ||bul||
010 ## - Наследен системен номер
LC control number KNG00174612000
020 ## - Международен стандартен номер на книга ISBN
Международен стандартен номер на книга ISBN 978-619-202-021-7
-- издат.: Унив. изд. Паисий Хилендарски
040 ## - Източник на каталожния запис
Идентификатор на билиотеката - собственик на записа BLK
041 ## - Код за език
Код за езика на текст/звукозапис или на отделно заглавие Български
Код за езика КДБФ Български
072 #7 - Код за тематичната категория
Код организация bullib
Код за тематична категория Н32
Текст Политика Н
080 ## - УДК
Текстов определител УДК Политическа теория. Политическа идеология. Политология
УДК код - определител по УДК 32.01
УДК определител :339.13
УДК - код + определител 32.01:339.13
080 ## - УДК
Текстов определител УДК Избори. - Плебисцити. Народно гласуване. Референдуми. Изборна борба. Резултати от избори. Вж и 342. 8
УДК код - определител по УДК 324
УДК определител .01
УДК - код + определител 324.01
080 ## - УДК
Текстов определител УДК Връзки с обществеността (пъблик рилейшънс)
УДК код - определител по УДК 659.4
УДК определител
УДК - код + определител 659.4
100 1# - Редна дума - Автор
Автор Манолов, Георги Любенов
Авторска отговорност първи автор
R(LIN) 264369
139 ## - Редно поле
Редна дума Манолов, Георги Любенов
Авторски знак Мано - М 27
245 10 - Сведения за заглавието
Заглавие Увод в политическия маркетинг
Редно поле (дума) Георги Любенов Манолов.
257 ## - Страна на издаване
Страна на създаване/издаване България
260 ## - Област на издателските данни
-- Пловдив
Име на издателя, разпространителя и проч. Унив. изд. Паисий Хилендарски
Година на издаване 2015
300 ## - Физическа характеристика
Страници 552 с.
Илюстрации и др. с табл., диагр.
Размери/Мащаб 25 см
380 ## - Жанр
Жанр Обществени науки
500 ## - Общи забележки
Забележка Изд. на Колежа пo иконoмика и администрация. - Съдържа и за авт. - Кратък речник. - Библиогр. с. 525-533.
650 #4 - Допълнително описание по предмет – тема
Основно описание – тема или топоним Маркетинг, политически
9 (RLIN) 337281
650 #4 - Допълнително описание по предмет – тема
Основно описание – тема или топоним Избори - теория
9 (RLIN) 264370
650 #4 - Допълнително описание по предмет – тема
Основно описание – тема или топоним Връзки с обществеността
9 (RLIN) 261631
650 #4 - Допълнително описание по предмет – тема
Основно описание – тема или топоним Комуникация
9 (RLIN) 159089
653 ## - Ключова дума – ненормативна
Ключова дума политически маркетинг
653 ## - Ключова дума – ненормативна
Ключова дума избори
653 ## - Ключова дума – ненормативна
Ключова дума връзки с обществеността
653 ## - Ключова дума – ненормативна
Ключова дума комуникация
659 ## - Тематичен бюлетин
Тематичен бюлетин Н
852 ## - Местоположение
Форматна сигнатура Цб 273995
856 4# - Електронен адрес и достъп
Електронен формат pdf - файл
Път до файла /url/
856 4# - Електронен адрес и достъп
Електронен формат pdf - файл
Път до файла /url/
942 ## - АРТИКУЛИ
Вид на библиотечния материал Книги
Скрит в OPAC Не
944 ## - СЪЗДАВАНЕ И РЕДАКЦИЯ на ЗАПИСА
Създаване/Редакция Създаване
Дата на регистрацията/редакция 24.04.2015
Статус, дата на статуса ф /
Служител, извършил регистрацията/редакцията Виолета_Тройчева
944 ## - СЪЗДАВАНЕ И РЕДАКЦИЯ на ЗАПИСА
Създаване/Редакция Редакция
Дата на регистрацията/редакция 08.05.2015
Статус, дата на статуса ф /
Служител, извършил регистрацията/редакцията Людмила_Стоянова
999 ## - СИСТЕМНИ КОНТРОЛНИ НОМЕРА
Koha biblionumber 166852
Koha biblioitemnumber 166852
Наличности
Код за отписване Код за изгубен артикул Код за повреда Коз за рестрикции Код за отдаване Артикулен № Име на библиотеката - собственик Име на библиотеката, в която се намира в момента Статус (Текущо местоположение) Дата на вписване в системата Местоположение - отдел Цена в лева Инвентарен номер Систематично азбучна сигнатура Баркод Номер на екземпляра Цена в евро Служебна бележка Служебен тип на артикула
  Не е изгубен Не е повреден без рестрикции ползва се в читалня 281089 Регионална библиотека "Любен Каравелов" Русе Регионална библиотека "Любен Каравелов" Русе Читалня 2015-04-27 Читалня 28.00 120000787511 Ч 32/М 27 120000787511 1 14.32 Дост: DA Вид: А N: 7 Дата: 27.04.2015 Дата инв: 22.03.2017 Бележки инв: Ч2017 Книги
Vip Innovations Ltd, Rousse, Bulgaria 2025